Airlines in Nürnberg (2021) - Statistiken

Allgemein
  • Dieses Quiz wurde 163 mal gespielt
  • Das Durchschnittsergebnis liegt bei 7 aus 12
Antwortstatistiken
Airlines (Fluggesellschaften) % Korrekt
Lufthansa
98%
Ryanair
85%
Eurowings
65%
Turkish Airlines
62%
Air France
59%
KLM Royal Dutch Airlines
59%
Swiss
55%
Wizz Air
55%
SunExpress
45%
TUI fly
45%
Corendon Airlines
42%
Vueling
28%
Keine übereinstimmenden Quizze gefunden
Verteilung der Resultate
Anzahl Personen mit jedem Resultat
Perzentil nach korrekt beantworteten Fragen
Ihre Resultats-Entwicklung
Sie haben dieses Quiz noch nicht gespielt